Modern English Reference Guide /
Enregistré dans:
| Auteur principal: | |
|---|---|
| Format: | Sách giấy |
| Langue: | English |
| Publié: |
London :
Prentice-Hall ,
|
| Tags: |
Ajouter un tag
Pas de tags, Soyez le premier à ajouter un tag!
|
| Thư viện lưu trữ: | Thư viện Trường Đại học Đà Lạt |
|---|
| LEADER | 00544nam a2200241 4500 | ||
|---|---|---|---|
| 001 | DLU020016245 | ||
| 005 | ##11/7/2000 | ||
| 020 | # | # | |a 978- |
| 041 | # | # | |a eng |
| 082 | # | # | |a 428 |b FR-M |
| 100 | # | # | |a Frank, Marcella |
| 245 | # | # | |a Modern English Reference Guide / |c Marcella Frank |
| 260 | # | # | |a London : |b Prentice-Hall , |c 0 |
| 300 | # | # | |a 414 tr.; |c 23 cm. |
| 992 | # | # | |a 20400 |
| 994 | # | # | |a DLU |
| 900 | # | # | |a False |
| 911 | # | # | |a Administrator |
| 925 | # | # | |a G |
| 926 | # | # | |a A |
| 927 | # | # | |a SH |
| 980 | # | # | |a Thư viện Trường Đại học Đà Lạt |